| 000 | 00855nam a2200205Ia 4500 | ||
|---|---|---|---|
| 003 | IN-BaIIA | ||
| 008 | 211028s9999 xx 000 0 eng d | ||
| 020 | _a90-277-2714-7 | ||
| 040 | _cIIA Library | ||
| 080 |
_a52(082.1) _bASS-144 |
||
| 111 |
_aInternational Astronomical Union Colloquium on Bioastronomy - the Next Steps _cBalaton, Hungary, _d1987 June 22-27 _915762 |
||
| 245 | 0 |
_aBioastronomy - the next steps _bproceedings of the International Astronomical Union colloquium on bioastronomy - the next steps, held in Balaton, Hungary, 22-27 June 1987 _cedited by George Marx |
|
| 260 |
_aDordrecht _bKluwer Academic _c1988 |
||
| 300 | _axx, 434p. | ||
| 490 | _aAstrophysics and space science library; v. 144 | ||
| 650 | _aAstronomy and astrophysics thesaurus | ||
| 650 |
_aOrigin of life _93519 |
||
| 700 |
_aMarx, George .,ed. _915763 |
||
| 942 | _cBK | ||
| 999 |
_c9351 _d9351 |
||